000 01114cam a2200205 4500500
005 20260201143846.0
041 _afre
042 _adc
100 1 0 _aPourrinet, Jeanne
_eauthor
245 0 0 _aObservation de bébés et recherche médicale
260 _c2018.
500 _a75
520 _aL’article porte sur l’observation de bébés de moins de 6 mois, dans le cadre d’une recherche, à Toulouse, au Centre national de référence du syndrome Prader-Willi. La recherche porte sur l’action de l’ocytocine dans l’hypotonie majeure et la difficulté de succion et déglutition de ce syndrome. L’observation se concentre sur les interrelations des parents avec leur bébé au cours de ces dix jours d’hospitalisation, la reprise et la transmission de ce travail avec l’équipe hospitalière concernée.
690 _ainterrelations
690 _aobservation participante
690 _aPrader-Willi
690 _aToulouse
786 0 _nEmpan | 111 | 3 | 2018-08-31 | p. 62-68 | 1152-3336
856 4 1 _uhttps://shs.cairn.info/revue-empan-2018-3-page-62?lang=fr&redirect-ssocas=7080
999 _c1642896
_d1642896